Statistics for Qing Dynasty Emperors

Click here to take the quiz!

General Stats

  • This quiz has been taken 38 times
  • The average score is 7 of 11

Answer Stats

HintAnswer% Correct
1908-12Xuantong
96%
1735-96Qianlong
89%
1875 -1908Guangxu
81%
1661-1722Kangxi
78%
1722-35Yongzheng
59%
1820-50Daoguang
56%
1796-1820Jiaqing
56%
1861-75Tongzhi
52%
1850-61Xianfeng
48%
1636-43Hong Taiji
44%
1643-61Shunzhi
41%

Score Distribution

Percentile by Number Answered

Percent of People with Each Score

Your Score History

You have not taken this quiz